| 000 | 00761nam a2200253 i 4500 | ||
|---|---|---|---|
| 001 | 26920 | ||
| 003 | ES-MaACL | ||
| 005 | 20250727022213.0 | ||
| 007 | t| | ||
| 008 | 030113s1983 sp ||||1| spa d | ||
| 020 | _a84-205-0969-8 | ||
| 080 | _a37.015.2 | ||
| 100 | 1 |
_aAselmeier, Ulrich. _923556 |
|
| 245 | 1 | 0 |
_aAntropología biológica y pedagogía / _cUlrich Aselmeier ; versión [del alemán] de Angelika Freud. |
| 250 | _a1ª ed. española. | ||
| 260 |
_aMadrid : _bAlhambra, _c1983. |
||
| 300 |
_aIX, 205 p. ; _c20 cm. |
||
| 504 | _aBibliografía: p. 180-205. | ||
| 650 | 7 |
_aAntropología educativa _2embne _9142978 |
|
| 700 | 1 |
_aFreund, Angelika. _952553 |
|
| 852 | 4 |
_aES-MaACL _jL-5162 |
|
| 852 | 4 |
_aES-MaACL _jL-8611 |
|
| 999 |
_c26920 _d26920 |
||